Levantate y anda (Registro nro. 301593)
[ vista simple ]
| 000 -ENCABEZADO | |
|---|---|
| Número de control [NR] | 01793nam a22002537a 4500 |
| 005 - FECHA Y HORA DE LA ÚLTIMA TRANSACCIÓN | |
| control field | 20151124112016.0 |
| 008 - DE LONGITUD FIJA DE DATOS DE ELEMENTOS - INFORMACIÓN GENERAL | |
| Elementos de longitud fija [NR] | 150924s1915 sp ||||fr|||| 001 0 spa d |
| 040 ## - FUENTE DE CATALOGACION [NR] | |
| Quien Cataloga | Sandra Yazo |
| Quien Clasifica | Sandra Yazo |
| 041 0# - CODIGO DE IDIOMA [R] | |
| Código de idioma para texto/pista de sonido o título separado [R] | Español |
| 082 04 - NUMERO DE CLASIFICACION DECIMAL DEWEY [R] | |
| Número de la edición [NR] | 20 |
| Número de clasificación [R] | 158.1 |
| 092 ## - SIGNATURA TOPOGRAFICA LOCAL | |
| Número de clasificación local | E37N085 |
| 100 1# - ASIENTO PRINCIPAL--NOMBRE PERSONAL [NR] | |
| Nombre personal [NR] | Suárez, Adriano |
| ID Autoridad | 71726 |
| 245 10 - MENCION DE TITULO [NR] | |
| Título [NR] | Levantate y anda |
| Parte restante del título [NR] | Principios fundamentales y normas prácticas de auto-educación y cultura humana |
| Mención de responsabilidad, etc. [NR] | Fr. Adriano Suárez |
| 260 ## - PUBLICACION, DISTRIBUCION, ETC. (PIE DE IMPRENTA) [R] | |
| Lugar de publicación, distribución, etc. [R] | Cádiz (España) |
| Nombre del editor, distribuidor, etc. [R] | Imprenta de M. Añvarez |
| Fecha de publicación, distribución, etc. [R] | 1915 |
| 300 ## - DESCRIPCION FISICA [R] | |
| Extensión [R] | 372 páginas |
| Dimensiones [R] | 19 x 14 cm |
| 500 ## - NOTA GENERAL [R] | |
| Nota general [NR] | Detalles físicos: Encuadernación rígida en cartón forrado en tela. Tapa delantera y lomo con adornos en plateado. Guardas. Hoja de cortesía con una anotación manuscrita de donación. Anteportada. Portada impresa en una sola tinta enmarcada en un recuadro. Texto en una columna, notas al pie de página. Ejemplar en buen estado de conservación |
| 505 #1 - NOTA DE CONTENIDO CON FORMATO PREESTABLECIDO [R] | |
| Nota de contenido con formato preestablecido [NR] | El éxito y el fracaso en la vida: Principios obvios, de sentido común ; Ideas ; Esclavos ; El gran motor humano ; Éxito y voluntad vigorosa -- Orientación y estímulos: Vitalidad humana, el sistema nervioso ; El universo y la vida humana ; La perfección y el espíritu ; El universo y la vida humana ; Los dos hemisferios de nuestro mundo vital ; notación y cualidades de la auto-sugestión ; Yo puedo -- Normas practicas: Gobierno y económica vital ; Agentes e impedimentos del vigor ; Un querer varonil ; Ejercicio de cultura física, ventajas y prácticas de la respiración profunda ; Vitalidad sexual ; Vida nueva |
| 506 ## - NOTA DE RESTRICCIONES DE ACCESO [R] | |
| Condiciones de acceso [NR] | Consulta en sala |
| 650 #7 - ASIENTO SECUNDARIO DE MATERIA - TERMINO TEMATICO [R] | |
| 9 (RLIN) | 9775 |
| Término temático o nombre geográfico como elemento de entrada [NR] | Autoeducación |
| 650 #7 - ASIENTO SECUNDARIO DE MATERIA - TERMINO TEMATICO [R] | |
| 9 (RLIN) | 15419 |
| Término temático o nombre geográfico como elemento de entrada [NR] | Éxito y personalidad |
| 650 #7 - ASIENTO SECUNDARIO DE MATERIA - TERMINO TEMATICO [R] | |
| 9 (RLIN) | 24952 |
| Término temático o nombre geográfico como elemento de entrada [NR] | Superación personal |
| 690 ## - ASUNTO AGREGADO LOCAL DE ENTRADA - TÉRMINO TEMÁTICO (OCLC, RLIN) | |
| 9 (RLIN) | 42902 |
| Acceso temático local | Psicología |
| 942 ## - ELEMENTOS DE ENTRADA AGREGADOS (KOHA) | |
| Sistema de clasificación | LOCAL |
| Tipo de ítem principal el descrito en 300a | Libro |
| Edición | 1 |
| Clasificación | E37N085 |
| Suprimido | Perdido | Sistema de clasificación | Dañado | No prestable | Tipo de ítem específico | Ubicación habitual | Ubicación actual | Localización | Fecha de creación | Forma de adquisición | Costo | Total préstamos | Signatura topográfica | Código de barras | Última vez visto | Ejemplar | Price effective from | Tipo de ítem |
|---|---|---|---|---|---|---|---|---|---|---|---|---|---|---|---|---|---|---|
| LOCAL | Libro archivo | Archivo Histórico | Archivo Histórico | Archivo histórico | 24/09/2015 | Donación | 0.00 | E37N085 | L005178 | 24/09/2015 | Ej.1 | 24/09/2015 | Libro |